| 000 | 00499nam a2200169Ia 4500 | ||
|---|---|---|---|
| 999 |
_c5362 _d5362 |
||
| 003 | OSt | ||
| 005 | 20200514110949.0 | ||
| 008 | 190216s9999||||xx |||||||||||||| ||und|| | ||
| 040 | _coclc | ||
| 082 |
_a332.45 _bKUP/A |
||
| 100 |
_aKuppuswami M S _91199 |
||
| 245 | 0 |
_aThe ABC Of Foreign Exchange / _cM S Kuppuswami |
|
| 260 |
_bS Chand , _c1954. _aNew Delhi : |
||
| 300 | _a500p | ||
| 650 | 0 |
_aSocial sciences _vEconomics _91086 |
|
| 942 |
_cBK _2ddc _h332.45 _iKUP/A _k332.45 _mKUP/A |
||